[Event "XI Memorial Roberto Magari A"]
[Site "Siena ITA"]
[Date "2006.11.12"]
[Round "5"]
[White "Sciortino, Massimo"]
[Black "Garofalo, Simone"]
[Result "1/2-1/2"]
[WhiteElo "2204"]
[BlackElo "1878"]
[PlyCount "218"]
[EventDate "2006.11.10"]

1. e4 e6 2. d4 d5 3. Nc3 Nf6 4. e5 Nfd7 5. f4 c5 6. Nf3 Nc6 7. Be3 cxd4 8. Nxd4
Bc5 9. Qd2 O-O 10. O-O-O Nxd4 11. Bxd4 a6 12. Bxc5 Nxc5 13. Qd4 Qc7 14. b4 Nd7
15. Bd3 f6 16. exf6 Nxf6 17. Rhe1 Bd7 18. f5 Rae8 19. fxe6 Bxe6 20. g3 Bf7 21.
Kb2 Kh8 22. Rf1 Qe5 23. Ne2 Ng4 24. Rf4 Qxd4+ 25. Nxd4 Ne5 26. Rh4 Nxd3+ 27.
Rxd3 Bg6 28. Rf3 Be4 29. Rxf8+ Rxf8 30. Rf4 Rxf4 31. gxf4 Kg8 32. Kc3 Kf7 33.
Kd2 h6 34. Ke3 Bg2 35. c3 Bh3 36. Nb3 b6 37. a4 Ke6 38. a5 bxa5 39. bxa5 Kd6
40. Kd4 Bf1 41. Nc5 Bc4 42. h4 Bf1 43. Na4 Bc4 44. Nb6 Bb3 45. Nc8+ Kd7 46.
Nb6+ Kd6 47. f5 Ba2 48. Na4 Kc6 49. Nc5 Bb1 50. Nxa6 Bxf5 51. Nb4+ Kb5 52. a6
Kb6 53. Kxd5 Bh3 54. Ke5 g5 55. hxg5 hxg5 56. Ke4 Bf1 57. Kf5 Bxa6 58. Kxg5 Bf1
59. Kf4 Kc5 60. Ke3 Bb5 61. Nc2 Bc4 62. Ne1 Bg8 63. Ng2 Kc4 64. Kd2 Bf7 65.
Ne3+ Kc5 66. Ng4 Be6 67. Ne5 Bg8 68. Kd3 Bh7+ 69. Ke3 Bg8 70. Nf3 Kc4 71. Kd2
Kc5 72. Ng5 Bb3 73. Ne4+ Kc6 74. Kd3 Bg8 75. Kd4 Kb6 76. Nf6 Ba2 77. Nd7+ Kc7
78. Ne5 Bb3 79. Kc5 Ba2 80. Nd3 Bf7 81. Nb4 Bb3 82. Nd5+ Kb8 83. Nb4 Kc7 84.
Na6+ Kc8 85. Kc6 Ba4+ 86. Kd6 Bb3 87. Nc5 Ba2 88. Kc6 Kd8 89. Kb5 Kc7 90. Kb4
Kb6 91. Nb3 Bxb3 92. Kxb3 Kc5 93. Kb2 Kc4 94. Kc2 Kc5 95. Kc1 Kc4 96. Kd2 Kc5
97. Kd3 Kd5 98. c4+ Kc5 99. Kc3 Kc6 100. Kd4 Kd6 101. c5+ Kc6 102. Kc4 Kc7 103.
Kd5 Kd7 104. Ke5 Kc6 105. Kd4 Kd7 106. Kc4 Kc6 107. Kb4 Kc7 108. Kc3 Kc6 109.
Kd4 Kc7 1/2-1/2

[Event "XI Memorial Roberto Magari A"]
[Site "Siena ITA"]
[Date "2006.11.12"]
[Round "5"]
[White "Tocchioni, Doriano"]
[Black "Masullo, Andrea"]
[Result "1-0"]
[WhiteElo "2238"]
[BlackElo "2092"]
[PlyCount "93"]
[EventDate "2006.11.10"]

1. d4 Nf6 2. c4 g6 3. Nc3 Bg7 4. e4 d6 5. Be3 O-O 6. f3 c5 7. dxc5 dxc5 8. Qxd8
Rxd8 9. Bxc5 Nc6 10. Nge2 Nd7 11. Ba3 Nde5 12. Ng3 Nd3+ 13. Bxd3 Rxd3 14. Ke2
Rd4 15. b3 Rd8 16. Rac1 Nd4+ 17. Kf2 e6 18. Nge2 b6 19. Rhd1 Ba6 20. Be7 Rd7
21. Bg5 h6 22. Be3 Rad8 23. Bxd4 Bxd4+ 24. Nxd4 Rxd4 25. Rxd4 Rxd4 26. Ke3 Rd7
27. Rd1 Rxd1 28. Nxd1 Kf8 29. Kd4 Ke7 30. Ne3 f6 31. e5 f5 32. Nc2 g5 33. a4 h5
34. b4 Bb7 35. Ke3 f4+ 36. Kf2 Bc6 37. b5 Be8 38. Nd4 Bg6 39. Ke2 Kd7 40. Kd2
Bf7 41. h4 gxh4 42. Ne2 Bg6 43. Nxf4 Bf5 44. Nxh5 h3 45. gxh3 Bxh3 46. Ng3 Kc7
47. Ke3 1-0

[Event "XI Memorial Roberto Magari A"]
[Site "Siena ITA"]
[Date "2006.11.12"]
[Round "5"]
[White "Vuelban, Virgilio"]
[Black "Efimov, Igor"]
[Result "1-0"]
[WhiteElo "2341"]
[BlackElo "2412"]
[PlyCount "66"]
[EventDate "2006.11.10"]

1. e4 c5 2. Nf3 e6 3. d4 cxd4 4. Nxd4 a6 5. Nc3 b5 6. Bd3 Qb6 7. Be3 Bc5 8. Be2
Qc7 9. Bxb5 axb5 10. Ndxb5 Qb6 11. Bxc5 Qxc5 12. Qd6 Qxd6 13. Nxd6+ Kd8 14.
Nxf7+ Ke7 15. Nxh8 Nc6 16. O-O-O Bb7 17. Nf7 Nf6 18. Nd6 Ba6 19. Rhe1 g5 20. f3
Ne5 21. a4 Rb8 22. b3 h5 23. Ncb5 h4 24. h3 Nh5 25. Nc7 Bb7 26. Nxb7 Rxb7 27.
Nb5 Nf4 28. Rd2 Rb8 29. Red1 Rc8 30. Kb2 Rc5 31. c4 Rc8 32. Nd6 Rb8 33. Ka3 Nc6
1-0

[Event "XI Memorial Roberto Magari A"]
[Site "Siena ITA"]
[Date "2006.11.12"]
[Round "6"]
[White "Barbafiera, Luigi"]
[Black "Bagolin, Renzo"]
[Result "1-0"]
[WhiteElo "1972"]
[BlackElo "1880"]
[PlyCount "75"]
[EventDate "2006.11.10"]

1. c4 e5 2. Nc3 Nf6 3. g3 g6 4. Bg2 Bg7 5. Nf3 d6 6. O-O O-O 7. d3 c6 8. h3 Re8
9. e4 a5 10. Ne1 Nh5 11. Be3 Be6 12. Kh2 Nd7 13. b3 Nc5 14. d4 Na6 15. d5 Bd7
16. dxc6 Bxc6 17. Qd2 Qe7 18. Rd1 Bf8 19. Nc2 f5 20. Nd5 Qf7 21. exf5 gxf5 22.
Bh6 Qg6 23. Bxf8 Kxf8 24. Nce3 Kf7 25. Bf3 Rad8 26. Qe2 Ng7 27. Rg1 Rg8 28. a3
e4 29. Bh1 Ne6 30. b4 axb4 31. axb4 Bxd5 32. Nxd5 h5 33. f3 exf3 34. Bxf3 Rh8
35. Nf4 Nxf4 36. gxf4 Qh6 37. Rg5 Qe6 38. Bd5 1-0

[Event "XI Memorial Roberto Magari A"]
[Site "Siena ITA"]
[Date "2006.11.12"]
[Round "6"]
[White "Bini, Alessandro"]
[Black "Parrini, Daniele"]
[Result "0-1"]
[WhiteElo "1889"]
[BlackElo "1938"]
[PlyCount "96"]
[EventDate "2006.11.10"]

1. d3 g6 2. Nf3 Bg7 3. g3 Nf6 4. Bg2 c5 5. c3 Nc6 6. O-O O-O 7. d4 cxd4 8. cxd4
d5 9. Nc3 Ne4 10. e3 Bg4 11. Qb3 Na5 12. Qxd5 Nxc3 13. Qxd8 Ne2+ 14. Kh1 Rfxd8
15. Bd2 Nc4 16. Bb4 Nxb2 17. Rae1 Nd3 18. Rxe2 Nxb4 19. Rb2 Nc6 20. Rxb7 Rab8
21. Rc7 Rdc8 22. Rxc6 Rxc6 23. Ne5 Bxe5 24. Bxc6 Bd6 25. Kg2 Rb2 26. a4 Bc8 27.
Rc1 Bb7 28. d5 Kg7 29. Rc4 Kf6 30. Kg1 e6 31. e4 Ke7 32. f4 Bxc6 33. dxc6 Rb4
34. Rc2 Bc7 35. e5 Rxa4 36. Kg2 Rd4 37. Kf3 Kd8 38. h4 h5 39. g4 hxg4+ 40. Kxg4
Bxe5 41. Kg5 Rxf4 42. Ra2 Rf5+ 43. Kg4 Bb8 44. Rd2+ Kc7 45. Rb2 a5 46. Rb7+ Kc8
47. Rd7 a4 48. Rd4 Rf4+ 0-1

[Event "XI Memorial Roberto Magari A"]
[Site "Siena ITA"]
[Date "2006.11.12"]
[Round "6"]
[White "Buratti, Marco"]
[Black "Tocchioni, Doriano"]
[Result "0-1"]
[WhiteElo "2068"]
[BlackElo "2238"]
[PlyCount "70"]
[EventDate "2006.11.10"]

1. e4 c6 2. d4 d5 3. e5 Bf5 4. g4 Bd7 5. Nd2 e6 6. Qf3 c5 7. Nb3 Nc6 8. Bf4 c4
9. Nd2 Nxd4 10. Qd1 Qb6 11. c3 Nc6 12. Qc2 Bc5 13. Ndf3 Nge7 14. h4 Qa5 15. Be2
b5 16. Kf1 f6 17. h5 f5 18. h6 g6 19. Ng5 O-O 20. N1h3 d4 21. b4 cxb3 22. Qxb3
Nd5 23. gxf5 Rxf5 24. Bg4 Raf8 25. Bxf5 Rxf5 26. Ne4 Be7 27. Bd2 Qc7 28. cxd4
Nxd4 29. Qg3 Qc4+ 30. Kg2 Nc2 31. Nf6+ Nxf6 32. exf6 Bxf6 33. Qb8+ Kf7 34. Rad1
Bc6+ 35. Kg1 Qg4+ 0-1

[Event "XI Memorial Roberto Magari A"]
[Site "Siena ITA"]
[Date "2006.11.12"]
[Round "6"]
[White "Burgassi, Daniele"]
[Black "Calisi, Elia"]
[Result "1/2-1/2"]
[WhiteElo "2000"]
[BlackElo "1884"]
[PlyCount "62"]
[EventDate "2006.11.10"]

1. e4 c6 2. d4 d5 3. exd5 cxd5 4. c4 Nf6 5. Nc3 e6 6. Nf3 dxc4 7. Bxc4 Be7 8.
O-O O-O 9. Re1 Qc7 10. Bd3 a6 11. Bg5 h6 12. Bh4 Nc6 13. a3 Rd8 14. Ne4 Nxe4
15. Bxe7 Nxe7 16. Bxe4 Nc6 17. Rc1 Qb6 18. Bxc6 bxc6 19. Ne5 Bd7 20. Qf3 Be8
21. Nxc6 Bxc6 22. Rxc6 Qxd4 23. Rc7 Qf6 24. Qxf6 gxf6 25. Rec1 Rd2 26. R7c2
Rad8 27. g3 Kg7 28. Kf1 a5 29. Ke1 R2d4 30. Rc4 Rd3 31. R4c3 R3d4 1/2-1/2

[Event "XI Memorial Roberto Magari A"]
[Site "Siena ITA"]
[Date "2006.11.12"]
[Round "6"]
[White "Campanella, Giovanni"]
[Black "Bini, Lorenzo"]
[Result "1/2-1/2"]
[WhiteElo "1989"]
[BlackElo "2028"]
[PlyCount "72"]
[EventDate "2006.11.10"]

1. e4 b6 2. Nf3 Bb7 3. e5 c5 4. Bc4 e6 5. O-O d5 6. exd6 Bxd6 7. c3 Nf6 8. d4
O-O 9. Bg5 h6 10. Bh4 Nbd7 11. Nbd2 Qc7 12. Qe2 Rfe8 13. Bg3 Rad8 14. Ne5 Bxe5
15. dxe5 Qc6 16. f4 Nd5 17. Rf2 Ne7 18. Bd3 Nf5 19. Re1 g6 20. Be4 Qc7 21. Qg4
Bxe4 22. Nxe4 Qc6 23. Bh4 Nxh4 24. Qxh4 Kg7 25. Nd6 Rf8 26. Re3 Qd5 27. Rg3 c4
28. Rh3 h5 29. Rg3 Qd1+ 30. Rf1 Qe2 31. f5 Nxe5 32. fxg6 fxg6 33. Qe7+ Kg8 34.
Rgf3 Nxf3+ 35. gxf3 Qe5 36. Ne4 Rde8 1/2-1/2

[Event "XI Memorial Roberto Magari A"]
[Site "Siena ITA"]
[Date "2006.11.12"]
[Round "6"]
[White "Carola, Paolo"]
[Black "Lomakina, Nadya"]
[Result "0-1"]
[WhiteElo "1999"]
[BlackElo "1888"]
[PlyCount "102"]
[EventDate "2006.11.10"]

1. e4 c5 2. Nc3 d6 3. f4 Nc6 4. Nf3 Nf6 5. Bc4 e6 6. d3 a6 7. a4 Qc7 8. O-O Be7
9. Qe1 Bd7 10. Nh4 O-O-O 11. f5 Nd4 12. fxe6 fxe6 13. Qd1 Nxe4 14. Nxe4 Bxh4
15. Bg5 Bxg5 16. Nxg5 Rde8 17. c3 Nc6 18. Rf7 d5 19. Bb3 h6 20. Nf3 Re7 21.
Rxe7 Nxe7 22. d4 Nf5 23. Qd2 Qb6 24. Bd1 Nd6 25. Ne5 Ne4 26. Qc2 Rf8 27. Bf3
Ng5 28. Bg4 Rf6 29. b4 cxd4 30. cxd4+ Bc6 31. Qc5 Qxc5 32. bxc5 Bd7 33. h4 Nf7
34. Rb1 Nxe5 35. dxe5 Rf4 36. Bh3 Re4 37. Rb6 Rxe5 38. Rd6 Kc7 39. a5 d4 40.
Rxd4 Rxc5 41. Rg4 g5 42. hxg5 hxg5 43. Re4 Rxa5 44. Bxe6 Bxe6 45. Rxe6 Rd5 46.
Rg6 a5 47. g4 a4 48. Kf2 a3 49. Re6 a2 50. Re1 Ra5 51. Ra1 b5 0-1

[Event "XI Memorial Roberto Magari A"]
[Site "Siena ITA"]
[Date "2006.11.12"]
[Round "6"]
[White "Efimov, Igor"]
[Black "Madiai, Federico"]
[Result "1-0"]
[WhiteElo "2412"]
[BlackElo "1897"]
[PlyCount "61"]
[EventDate "2006.11.10"]

1. e4 e5 2. Nf3 Nc6 3. Bc4 Bc5 4. b4 Bxb4 5. c3 Be7 6. d4 d6 7. dxe5 Be6 8.
Bxe6 fxe6 9. Qb3 Qd7 10. Nd4 Nxd4 11. cxd4 Qc6 12. O-O dxe5 13. dxe5 Qxe4 14.
Nc3 Qb4 15. Qc2 Qc4 16. Rb1 O-O-O 17. Qb2 Qa6 18. Be3 Nh6 19. Nb5 c5 20. Rfc1
Rd5 21. Nc3 Rd7 22. Bxc5 Kd8 23. Ne4 b6 24. Bxe7+ Kxe7 25. Qb4+ Kd8 26. Nd6 Nf5
27. Nxf5 exf5 28. e6 Rd5 29. Qh4+ Ke8 30. Rc7 Qd3 31. Qe7# 1-0

[Event "XI Memorial Roberto Magari A"]
[Site "Siena ITA"]
[Date "2006.11.12"]
[Round "6"]
[White "Garofalo, Simone"]
[Black "Garofalo, Sergio"]
[Result "1-0"]
[WhiteElo "1878"]
[BlackElo "1815"]
[PlyCount "87"]
[EventDate "2006.11.10"]

1. e4 e5 2. Nf3 Nc6 3. d4 exd4 4. Nxd4 Bc5 5. Nb3 Be7 6. Nc3 d6 7. Bb5 a6 8.
Bxc6+ bxc6 9. O-O Nh6 10. Bxh6 gxh6 11. Qh5 Rg8 12. Qxh6 Rg6 13. Qe3 a5 14.
Rad1 Bd7 15. Kh1 Bf8 16. Nd4 c5 17. Nf3 c6 18. Na4 Bc8 19. c4 Bh6 20. Qd3 Bg4
21. e5 Bf4 22. exd6 Rxd6 23. Qe4+ Be6 24. Rxd6 Qxd6 25. g3 Bh6 26. Nc3 O-O-O
27. Rd1 Qc7 28. Rxd8+ Qxd8 29. Qxc6+ Kb8 30. Qb5+ Ka8 31. Qc6+ Kb8 32. Nd5 Bf8
33. Ne5 Bxd5+ 34. cxd5 Qd6 35. Nd7+ Ka7 36. Nxf8 Qxf8 37. d6 Qd8 38. Qxc5+ Kb7
39. Qc7+ Qxc7 40. dxc7 Kxc7 41. Kg2 Kd6 42. Kf3 Ke5 43. Ke3 f5 44. b3 1-0

[Event "XI Memorial Roberto Magari A"]
[Site "Siena ITA"]
[Date "2006.11.12"]
[Round "6"]
[White "Hautala, Roman"]
[Black "Peric, Slavisa"]
[Result "1/2-1/2"]
[WhiteElo "2225"]
[BlackElo "2297"]
[PlyCount "152"]
[EventDate "2006.11.10"]

1. e4 e6 2. d4 d5 3. Nc3 Nc6 4. Nf3 Nf6 5. e5 Ne4 6. Bd3 Bb4 7. Bd2 Nxd2 8.
Qxd2 f6 9. a3 Be7 10. exf6 Bxf6 11. Bb5 Bd7 12. Bxc6 Bxc6 13. O-O-O O-O 14. h4
Bd7 15. g4 c5 16. dxc5 Qa5 17. Ne4 Bxb2+ 18. Kxb2 Qb5+ 19. Qb4 Rxf3 20. Qxb5
Bxb5 21. Ng5 Rf6 22. Rhe1 Re8 23. Rd4 h6 24. Nh3 Rf3 25. Re3 Ref8 26. Rb4 Bc6
27. Rbb3 d4 28. Rxf3 Bxf3 29. g5 h5 30. g6 e5 31. Kc1 Rf6 32. c4 Bg2 33. Rg3
Bxh3 34. Rxh3 Rxg6 35. Rb3 Rc6 36. Rxb7 Rxc5 37. Rxa7 Rxc4+ 38. Kd2 e4 39. Rb7
d3 40. Ke3 Rc1 41. Rd7 Re1+ 42. Kf4 Rh1 43. Kxe4 Rxh4+ 44. Ke3 Ra4 45. Rxd3 Kh7
46. f4 Kg6 47. Kf3 Kh6 48. Rb3 g6 49. Rc3 Kg7 50. Rb3 Kh7 51. Rc3 Kh6 52. Rb3
Rc4 53. Kg3 Rc1 54. Kf3 Rc4 55. Kg3 Ra4 56. Kf3 Ra5 57. Rc3 Kg7 58. Rb3 Kf6 59.
Rc3 Kf5 60. Rb3 h4 61. Rc3 h3 62. Kg3 h2 63. Kxh2 Kxf4 64. Rb3 g5 65. Rb4+ Kf3
66. Rb3+ Kg4 67. Rb4+ Kh5 68. a4 Rc5 69. Rb2 Kh4 70. Ra2 Ra5 71. Ra1 g4 72. Kg2
g3 73. Ra2 Kg4 74. Ra3 Kf4 75. Rf3+ Ke4 76. Kxg3 Kd4 1/2-1/2

[Event "XI Memorial Roberto Magari A"]
[Site "Siena ITA"]
[Date "2006.11.12"]
[Round "6"]
[White "Masullo, Andrea"]
[Black "Egli, Urs"]
[Result "0-1"]
[WhiteElo "2092"]
[BlackElo "2071"]
[PlyCount "51"]
[EventDate "2006.11.10"]

1. e4 e5 2. Nf3 Nc6 3. Bb5 f5 4. d3 fxe4 5. dxe4 Nf6 6. O-O d6 7. Bg5 Be7 8.
Nfd2 O-O 9. Bc4+ Kh8 10. a4 Qe8 11. c3 Qg6 12. Bxf6 Bxf6 13. f3 Bg5 14. Qe2 h5
15. Na3 Bd7 16. b4 h4 17. Nc2 Qh6 18. Rad1 Rf6 19. Rf2 Raf8 20. Nf1 Nd8 21.
Nce3 c6 22. Ba2 Nf7 23. g4 Bxe3 24. Nxe3 Ng5 25. Rdf1 Nh3+ 26. Kg2 0-1

[Event "XI Memorial Roberto Magari A"]
[Site "Siena ITA"]
[Date "2006.11.12"]
[Round "6"]
[White "Prati, Alessandro"]
[Black "Sciortino, Massimo"]
[Result "1/2-1/2"]
[WhiteElo "1868"]
[BlackElo "2204"]
[PlyCount "101"]
[EventDate "2006.11.10"]

1. d4 Nf6 2. Nf3 g6 3. e3 Bg7 4. Bd3 O-O 5. O-O d6 6. Nbd2 Nbd7 7. c3 Qe8 8. e4
e5 9. Re1 Nh5 10. Nc4 Nb6 11. Nxb6 axb6 12. dxe5 dxe5 13. Qe2 Bg4 14. h3 Be6
15. Bc4 h6 16. Bxe6 Qxe6 17. b3 Kh7 18. Qc2 b5 19. Be3 Ra6 20. Qd3 c6 21. Red1
Rfa8 22. Qd7 Rxa2 23. Rxa2 Rxa2 24. Qxe6 fxe6 25. Rd7 Nf6 26. Rxb7 Nxe4 27.
Nxe5 Ra1+ 28. Kh2 Ra6 29. Ng4 g5 30. Bd4 e5 31. Bxe5 Kg6 32. Rxg7+ Kf5 33. Bd4
c5 34. Rf7+ Ke6 35. Rh7 Kf5 36. Be3 c4 37. bxc4 bxc4 38. Bd4 Nd2 39. Ne3+ Ke4
40. Kg3 Kd3 41. f3 Nb3 42. Nf5 Nxd4 43. Nxd4 Kxc3 44. Nb5+ Kb4 45. Rb7 Kc5 46.
Nc3 Rc6 47. Ne4+ Kd4 48. Rd7+ Ke3 49. Kg4 c3 50. Nxc3 Rxc3 51. Rd6 1/2-1/2

[Event "XI Memorial Roberto Magari A"]
[Site "Siena ITA"]
[Date "2006.11.12"]
[Round "6"]
[White "Tagliagambe, Stefano"]
[Black "Cocuzzi, Edoardo"]
[Result "1-0"]
[WhiteElo "2050"]
[BlackElo "1782"]
[PlyCount "47"]
[EventDate "2006.11.10"]

1. Nf3 d5 2. c4 e6 3. g3 Nf6 4. Bg2 c6 5. b3 Nbd7 6. Bb2 Bd6 7. d4 O-O 8. O-O
Re8 9. Nbd2 e5 10. dxe5 Bxe5 11. Nxe5 Nxe5 12. cxd5 Nxd5 13. Nf3 Nxf3+ 14. Bxf3
Nb4 15. Qc1 Qb6 16. Rd1 Bf5 17. Qg5 Bg6 18. h4 f6 19. Qg4 c5 20. h5 Bf7 21. Rd7
Nc6 22. Bxf6 g6 23. hxg6 Bxg6 24. Qc4+ 1-0

[Event "XI Weekend A"]
[Site "Gorgonzola ITA"]
[Date "2006.11.11"]
[Round "1"]
[White "Astengo, Marcello"]
[Black "Salvador, Roland"]
[Result "0-1"]
[WhiteElo "2110"]
[BlackElo "2455"]
[PlyCount "54"]
[EventDate "2006.11.11"]

1. d4 d5 2. c4 dxc4 3. e3 Nf6 4. Bxc4 e6 5. Nf3 a6 6. O-O c5 7. Nc3 Nc6 8. a3
Qc7 9. Ba2 b6 10. d5 exd5 11. Nxd5 Nxd5 12. Qxd5 Bb7 13. Rd1 Rd8 14. Qe4+ Be7
15. Rxd8+ Nxd8 16. Qe5 Qd7 17. Qc3 Qd1+ 18. Ne1 Bf6 19. Qd2 Qh5 20. Nd3 Ne6 21.
Bxe6 fxe6 22. Nf4 Qe5 23. a4 O-O 24. Ra3 c4 25. Qe2 Be7 26. Qxc4 Bxa3 27. bxa3
Rc8 0-1

[Event "XI Weekend A"]
[Site "Gorgonzola ITA"]
[Date "2006.11.11"]
[Round "1"]
[White "Barlocco, Carlo"]
[Black "Manzoni, Alessandro"]
[Result "0-1"]
[WhiteElo "2198"]
[BlackElo "2074"]
[PlyCount "82"]
[EventDate "2006.11.11"]

1. d4 d5 2. Nf3 Nf6 3. Bf4 e6 4. e3 Bd6 5. Ne5 Nfd7 6. Nd2 Nxe5 7. dxe5 Be7 8.
Qg4 g5 9. Bg3 h5 10. Qa4+ Bd7 11. Qb3 h4 12. Qxb7 Nc6 13. O-O-O hxg3 14. fxg3
Qb8 15. Qxb8+ Rxb8 16. e4 dxe4 17. Nc4 Nb4 18. a3 Nd5 19. Re1 Nb6 20. Na5 Na4
21. b4 c5 22. b5 Bxb5 23. Rxe4 Nc3 24. Re1 Bxf1 25. Rexf1 g4 26. Kd2 Nd5 27.
Kd3 Rb5 28. Nc6 c4+ 29. Ke4 Kd7 30. Nd4 Ra5 31. Rxf7 Rxa3 32. Nb5 Re3+ 33. Kd4
Rh5 34. Kxc4 Rhxe5 35. Rd1 Ke8 36. Rxe7+ Kxe7 37. Nxa7 Nb6+ 38. Kb4 R3e4+ 39.
Kb3 Rc4 40. Ra1 Re3+ 41. Kb2 Rb4+ 0-1

[Event "XI Weekend A"]
[Site "Gorgonzola ITA"]
[Date "2006.11.11"]
[Round "1"]
[White "Bemporad, Filippo"]
[Black "Pace, Pietro Dario"]
[Result "0-1"]
[WhiteElo "2076"]
[BlackElo "2233"]
[PlyCount "82"]
[EventDate "2006.11.11"]

1. d4 d5 2. Nf3 Nf6 3. c4 c6 4. e3 e6 5. Bd3 Nbd7 6. Qc2 Bd6 7. Nbd2 O-O 8. O-O
c5 9. b3 b6 10. e4 cxd4 11. cxd5 exd5 12. Qc6 Qc7 13. Qxc7 Bxc7 14. exd5 Nxd5
15. Ba3 Nc5 16. Bb5 Nc3 17. Bc6 Ne2+ 18. Kh1 Rb8 19. b4 Ne6 20. Nb3 Rd8 21.
Rfe1 d3 22. Bb2 f6 23. Rad1 a5 24. a3 Kf7 25. b5 a4 26. Nc1 Nxc1 27. Bxc1 Bb7
28. Re3 Bf4 29. Rxe6 Bxc1 30. Re4 Bxa3 31. Rxa4 Be7 32. Rc4 Bc5 33. Kg1 Bxc6
34. bxc6 Rbc8 35. Rc3 Rxc6 36. Rcxd3 Rxd3 37. Rxd3 Rd6 38. Rxd6 Bxd6 39. Kf1
Ke6 40. Ke2 Kd5 41. Nd2 Kd4 0-1

[Event "XI Weekend A"]
[Site "Gorgonzola ITA"]
[Date "2006.11.11"]
[Round "1"]
[White "Bonade', Massimo"]
[Black "Vancini, Edoardo"]
[Result "0-1"]
[WhiteElo "2097"]
[BlackElo "2296"]
[PlyCount "46"]
[EventDate "2006.11.11"]

1. d4 Nf6 2. c4 Nc6 3. Nf3 e6 4. Nc3 Bb4 5. Bg5 h6 6. Bxf6 Qxf6 7. Qd3 e5 8. e3
O-O 9. O-O-O Bxc3 10. Qxc3 d6 11. dxe5 dxe5 12. Bd3 Bf5 13. Bxf5 Qxf5 14. Rd5
a5 15. Qb3 Nb4 16. Rd2 c5 17. Rhd1 b5 18. cxb5 c4 19. Qa3 Nd3+ 20. Rxd3 cxd3
21. Rxd3 e4 22. Nd4 Qxf2 23. Rd2 Rac8+ 0-1

[Event "XI Weekend A"]
[Site "Gorgonzola ITA"]
[Date "2006.11.11"]
[Round "1"]
[White "Bonazzi, Edoardo"]
[Black "Agrifoglio, Fabio"]
[Result "1-0"]
[WhiteElo "2142"]
[BlackElo "2024"]
[PlyCount "97"]
[EventDate "2006.11.11"]

1. Nf3 g6 2. c4 Bg7 3. Nc3 d6 4. g3 Nf6 5. Bg2 O-O 6. O-O c6 7. d3 e5 8. Rb1
Re8 9. Bg5 Nbd7 10. Qc1 Qc7 11. Nd2 h6 12. Bxf6 Nxf6 13. b4 Be6 14. b5 Qd7 15.
Qa3 d5 16. bxc6 bxc6 17. cxd5 cxd5 18. Rb5 Rab8 19. Rfb1 Rxb5 20. Nxb5 Bf8 21.
Qa6 Qc8 22. Qxa7 Qc2 23. Qa5 Rc8 24. Re1 Qb2 25. Rb1 Qxb1+ 26. Nxb1 Rc1+ 27.
Bf1 Rxb1 28. Kg2 Kg7 29. a4 Bb4 30. Qc7 Nd7 31. Qc2 Ra1 32. Nc7 Nc5 33. Qb2
Rxa4 34. Qxe5+ Kg8 35. Nxe6 Nxe6 36. Qxd5 Bc5 37. e3 Ra1 38. d4 Rd1 39. Qa8+
Bf8 40. Bc4 Kg7 41. Qe8 Rd2 42. Bxe6 fxe6 43. Qxe6 Rd1 44. e4 Rd2 45. d5 h5 46.
e5 Bc5 47. Qf6+ Kh7 48. d6 Re2 49. d7 1-0

[Event "XI Weekend A"]
[Site "Gorgonzola ITA"]
[Date "2006.11.11"]
[Round "1"]
[White "Cazzaniga, Walter"]
[Black "Capece, Adolivio"]
[Result "1-0"]
[WhiteElo "2159"]
[BlackElo "2050"]
[PlyCount "66"]
[EventDate "2006.11.11"]

1. d4 Nf6 2. c4 c5 3. d5 b5 4. cxb5 e6 5. Nc3 exd5 6. Nxd5 Bb7 7. Nxf6+ Qxf6 8.
Nf3 d5 9. g3 Nd7 10. Bh3 Ne5 11. Nxe5 Qxe5 12. O-O Be7 13. Bg2 O-O 14. a4 Rad8
15. a5 Rfe8 16. Bf4 Qxb2 17. Rb1 Qa2 18. Bc7 Rd7 19. Ra1 Qb2 20. b6 axb6 21.
axb6 Bf6 22. Qa4 Rde7 23. Ra2 Qb4 24. Qa7 Bc6 25. Bf3 g6 26. Qa5 Qc4 27. Rb1
Bb7 28. Qd2 Kg7 29. Rc2 Qd4 30. Qa5 c4 31. Qb5 Ra8 32. Bd6 Ree8 33. Bc5 33...
Qe5 {...} 1-0

[Event "XI Weekend A"]
[Site "Gorgonzola ITA"]
[Date "2006.11.11"]
[Round "1"]
[White "Martinez, Rolly"]
[Black "Bozzali, Ermanno"]
[Result "1-0"]
[WhiteElo "2411"]
[BlackElo "2099"]
[PlyCount "63"]
[EventDate "2006.11.11"]

1. e4 c5 2. Nf3 d6 3. d4 cxd4 4. Qxd4 a6 5. c4 Nf6 6. Nc3 Nc6 7. Qd2 e6 8. b3
d5 9. exd5 exd5 10. cxd5 Nb4 11. Be2 Nbxd5 12. Nxd5 Nxd5 13. O-O Bb4 14. Qd4
Bc3 15. Qe4+ Be6 16. Bg5 Nf6 17. Bxf6 Bxf6 18. Rad1 Qe7 19. Rfe1 Bc3 20. Qa4+
Kf8 21. Bc4 Rd8 22. Rxd8+ Qxd8 23. Rc1 Bb2 24. Rb1 Bf6 25. Bxe6 fxe6 26. Qf4
Kf7 27. Ng5+ Ke7 28. Qb4+ Ke8 29. Nxe6 Qd3 30. Re1 Qc3 31. Qe4 Kf7 32. Ng5+ 1-0

[Event "XI Weekend A"]
[Site "Gorgonzola ITA"]
[Date "2006.11.11"]
[Round "1"]
[White "Nessi, Silvio"]
[Black "Facchetti, Gianni"]
[Result "0-1"]
[WhiteElo "2012"]
[BlackElo "2121"]
[PlyCount "98"]
[EventDate "2006.11.11"]

1. d4 Nf6 2. c4 e5 3. dxe5 Ng4 4. Nf3 Nc6 5. e3 Ngxe5 6. Be2 d6 7. Nc3 g6 8.
Nxe5 Nxe5 9. b3 Bg7 10. Bb2 O-O 11. O-O Nc6 12. Qd2 Be6 13. Nd5 Rc8 14. Bxg7
Kxg7 15. Qb2+ f6 16. Nf4 Bd7 17. Bf3 Qe8 18. Rac1 Nd8 19. Rfd1 a6 20. c5 dxc5
21. Rxc5 c6 22. Rc4 Rf7 23. Rcd4 Ne6 24. Nxe6+ Bxe6 25. Qd2 Re7 26. Be2 Rcc7
27. Bc4 Bxc4 28. Rxc4 c5 29. Rc3 Red7 30. Rd3 Rxd3 31. Qxd3 Qc6 32. Kf1 b5 33.
Qd6 c4 34. Qxc6 Rxc6 35. bxc4 Rxc4 36. Ke2 Kf7 37. Rd3 Rc2+ 38. Rd2 Rc6 39. Kd1
Ke6 40. f3 Rd6 41. Rxd6+ Kxd6 42. Kd2 Kc5 43. Kc3 f5 44. a3 a5 45. h3 b4+ 46.
axb4+ axb4+ 47. Kb3 Kb5 48. g3 Kc5 49. h4 h5 0-1

[Event "XI Weekend A"]
[Site "Gorgonzola ITA"]
[Date "2006.11.11"]
[Round "1"]
[White "Salmoiraghi, Angelo"]
[Black "Borin, Fabio"]
[Result "0-1"]
[WhiteElo "2035"]
[BlackElo "2147"]
[PlyCount "32"]
[EventDate "2006.11.11"]

1. b3 d6 2. Bb2 e5 3. e3 f5 4. c4 Nf6 5. Nf3 Be7 6. Be2 O-O 7. Nc3 Qe8 8. d3
Nc6 9. Nd5 Nxd5 10. cxd5 Nb4 11. e4 Qg6 12. a3 Nxd3+ 13. Bxd3 fxe4 14. Bc2 Qxg2
15. Rg1 Qxf3 16. Qxf3 exf3 0-1

[Event "XI Weekend A"]
[Site "Gorgonzola ITA"]
[Date "2006.11.11"]
[Round "1"]
[White "Sbarra, Marco"]
[Black "Radice, Luca"]
[Result "1-0"]
[WhiteElo "2280"]
[BlackElo "2077"]
[PlyCount "87"]
[EventDate "2006.11.11"]

1. g3 d6 2. Bg2 e5 3. e4 Nf6 4. c3 Be7 5. d4 Nbd7 6. Ne2 c6 7. O-O Qc7 8. a4 b6
9. c4 a6 10. Nbc3 Bb7 11. d5 cxd5 12. cxd5 O-O 13. Bg5 Qd8 14. b4 Rc8 15. Rc1
h6 16. Be3 Nh7 17. Qd2 a5 18. bxa5 bxa5 19. Nb5 Nc5 20. Bxc5 Rxc5 21. Rxc5 dxc5
22. Qc3 Bd6 23. Rb1 Ba6 24. Nc1 f5 25. exf5 Rxf5 26. Nxd6 Qxd6 27. Qxa5 Rf6 28.
Qc3 Nf8 29. Nb3 Nd7 30. Nd2 Rf8 31. Ne4 Qg6 32. a5 Qf5 33. Qd2 Kh8 34. Rc1 c4
35. Qe3 Nf6 36. Nxf6 Rxf6 37. Be4 Qd7 38. Rb1 Kg8 39. Rb8+ Kf7 40. Qc5 Rd6 41.
Bf5 Qe7 42. Be6+ Rxe6 43. dxe6+ Qxe6 44. Qf8+ 1-0

[Event "XI Weekend A"]
[Site "Gorgonzola ITA"]
[Date "2006.11.11"]
[Round "1"]
[White "Volpi, Davide"]
[Black "Massironi, Marco"]
[Result "1-0"]
[WhiteElo "2053"]
[BlackElo "2193"]
[PlyCount "97"]
[EventDate "2006.11.11"]

1. e4 c5 2. Nf3 d6 3. g3 Nf6 4. d3 g6 5. Bg2 Bg7 6. O-O Nc6 7. c3 O-O 8. Nbd2
Qc7 9. Re1 Rb8 10. d4 cxd4 11. cxd4 Nb4 12. Rb1 Nd3 13. Re3 Nxc1 14. Rxc1 Qd8
15. Rec3 Bd7 16. Qb3 Qa5 17. e5 Nd5 18. Nc4 Qa6 19. Rd3 Ba4 20. Qa3 b5 21. b3
bxc4 22. bxc4 Nb6 23. Rdc3 Bh6 24. R1c2 Rbc8 25. Bf1 Qb7 26. Rb2 Qd7 27. d5 Bd1
28. Nd4 Qa4 29. Nc6 Qxa3 30. Rxa3 Rxc6 31. dxc6 Bc1 32. c7 Rc8 33. Rxb6 axb6
34. Ra7 dxe5 35. c5 bxc5 36. Ba6 Rxc7 37. Rxc7 Ba3 38. Rxe7 c4 39. Rc7 Kg7 40.
Bxc4 e4 41. Bxf7 Kf6 42. Bd5 Ke5 43. Bb7 h5 44. Rc4 Bf3 45. h4 Kf5 46. Kf1 Ke5
47. Ke1 Kf5 48. Kd2 Ke5 49. Ke3 1-0